000 00548nam a2200181Ia 4500
005 20250326123442.0
008 250326s9999 xx 000 0 und d
037 _aTextbook
040 _aFMSL
_beng
_cFMSL
041 _aeng
_2eng
084 _aSNIObX:8 P5
_qFMSL
100 _aMiner J B
_9735184
245 0 _aOrganizational behavior 1 : essential theories of motivation and leadership
_cMiner J B
260 _aNew York
_bNew York, M E Sharpe
_c2005
300 _a416p
942 _cTB
_hSNIObX:8 P5
999 _c1269427
_d1269427